Handbook of wireless networks and mobile computing (Record no. 8255)

000 -LEADER
fixed length control field 00505 a2200169 4500
020 ## - INTERNATIONAL STANDARD BOOK NUMBER
International Standard Book Number 0471419028
040 ## - CATALOGING SOURCE
Original cataloging agency DLC
Language of cataloging DLC
082 ## - DEWEY DECIMAL CLASSIFICATION NUMBER
Classification number 621.382
245 00 - TITLE STATEMENT
Title Handbook of wireless networks and mobile computing
Statement of responsibility, etc. edited by Ivan Stojmenovic
260 ## - PUBLICATION, DISTRIBUTION, ETC.
Place of publication, distribution, etc. New York :
Name of publisher, distributor, etc. Wiley,
Date of publication, distribution, etc. 2001.
300 ## - PHYSICAL DESCRIPTION
Extent 630 p. :
Other physical details ill.
650 #0 - SUBJECT ADDED ENTRY--TOPICAL TERM
Topical term or geographic name entry element Wireless communication systems.
650 #0 - SUBJECT ADDED ENTRY--TOPICAL TERM
Topical term or geographic name entry element Mobile communication systems.
650 #0 - SUBJECT ADDED ENTRY--TOPICAL TERM
Topical term or geographic name entry element Computer networks.
700 1# - ADDED ENTRY--PERSONAL NAME
Personal name Stojmenovi�c, Ivan.
942 ## - ADDED ENTRY ELEMENTS (KOHA)
Koha item type Book
Call number prefix 621.382 STO
Source of classification or shelving scheme
Holdings
Withdrawn status Lost status Damaged status Not for loan Collection code Permanent Location Current Location Shelving location Date acquired Source of acquisition Cost, normal purchase price Total Checkouts Full call number Barcode Date last seen Price effective from Koha item type
          Central Library (CL) Central Library (CL) General Stacks 09/22/2005 New Public Book 8451.82   621.382 STO SEECS006458 11/14/2012 01/05/2017 Book
          Central Library (CL) Central Library (CL) General Stacks 12/27/2013 Allied Book Company 783.06   621.382 STO SEECS013044 01/07/2014 01/07/2014 Book
© 2023 Central Library, National University of Sciences and Technology. All Rights Reserved.